000 00467nam a2200181Ia 4500
001 18347
005 20260306171624.0
008 260306s9999||||xx |||||||||||||| ||und||
041 _aESP
082 _a658.4034
_bD41
100 _aNuñez Carballosa, Ana
_eAUT
245 0 _aDirección de operaciones:
_bdesiciones tácticas y estratégicas
260 _c2014
300 _a619 páginas :
_c24 cm.
650 _aGEN
654 _aCAN
942 _cLIB
_dJUS
_fJUS
_2ddc
_n
999 _c18347
_d18347